[Event "World Chess Olympiad 2018"]
[Site "Batumi"]
[Date "2018.09.27"]
[Round "4"]
[Board "4"]
[WhiteFideId "16000145"]
[White "Murara Urwintwari Ian"]
[BlackFideId "13201727"]
[Black "Kang Taehyung"]
[Result "0-1"]
[LiveChessVersion "1.4.8"]
[BlackElo "1860"]
[WhiteElo "1677"]

1. d4 {[%clk 1:30:49]} d5 {[%clk 1:30:55]} 2. c4 {[%clk 1:31:12]} c6
{[%clk 1:31:18]} 3. e3 {[%clk 1:30:58]} Nf6 {[%clk 1:31:40]} 4. Nf3
{[%clk 1:31:05]} e6 {[%clk 1:31:59]} 5. Nc3 {[%clk 1:30:56]} Nbd7
{[%clk 1:32:19]} 6. cxd5 {[%clk 1:30:26]} exd5 {[%clk 1:32:33]} 7. Bd3
{[%clk 1:30:41]} Bd6 {[%clk 1:32:45]} 8. Qc2 {[%clk 1:29:36]} O-O
{[%clk 1:32:38]} 9. O-O {[%clk 1:29:32]} Re8 {[%clk 1:30:07]} 10. Re1
{[%clk 1:26:06]} h6 {[%clk 1:23:22]} 11. a3 {[%clk 1:21:11]} c5 {[%clk 1:20:19]}
12. Nb5 {[%clk 1:14:37]} Bf8 {[%clk 1:19:55]} 13. dxc5 {[%clk 1:13:11]} Nxc5
{[%clk 1:18:35]} 14. Bf1 {[%clk 1:11:29]} a6 {[%clk 1:18:45]} 15. b4
{[%clk 1:03:14]} axb5 {[%clk 1:13:31]} 16. bxc5 {[%clk 1:02:53]} Bd7
{[%clk 1:13:49]} 17. Bd2 {[%clk 1:00:34]} Rc8 {[%clk 1:13:53]} 18. Bb4
{[%clk 0:59:25]} b6 {[%clk 1:09:55]} 19. c6 {[%clk 0:44:28]} Bxb4
{[%clk 0:58:13]} 20. axb4 {[%clk 0:36:49]} Bxc6 {[%clk 0:58:13]} 21. Nd4
{[%clk 0:35:10]} Qd6 {[%clk 0:58:08]} 22. Qb3 {[%clk 0:33:13]} Ng4
{[%clk 0:55:18]} 23. g3 {[%clk 0:32:42]} Ne5 {[%clk 0:55:19]} 24. Bg2
{[%clk 0:31:47]} Nc4 {[%clk 0:54:15]} 25. Nxc6 Qxc6 {[%clk 0:54:21]} 26. Qd3
{[%clk 0:27:28]} Red8 {[%clk 0:51:01]} 27. Ra7 {[%clk 0:25:16]} Ne5
{[%clk 0:48:07]} 28. Qf5 {[%clk 0:24:01]} Qe6 {[%clk 0:42:17]} 29. Qb1
{[%clk 0:19:38]} Rc4 {[%clk 0:38:09]} 30. Ra3 {[%clk 0:18:11]} Qd6
{[%clk 0:20:43]} 31. Rb3 {[%clk 0:18:01]} Nc6 {[%clk 0:20:16]} 32. Bf1
{[%clk 0:17:38]} Rxb4 {[%clk 0:20:32]} 33. Bxb5 {[%clk 0:15:39]} Rxb3
{[%clk 0:20:53]} 34. Qxb3 {[%clk 0:15:50]} Ne5 {[%clk 0:21:15]} 35. Rd1
{[%clk 0:14:53]} Qc5 {[%clk 0:17:18]} 36. e4 {[%clk 0:11:42]} d4 {[%clk 0:16:41]}
37. Bf1 {[%clk 0:11:43]} Rd6 {[%clk 0:10:45]} 38. Bg2 {[%clk 0:10:09]} b5
{[%clk 0:08:52]} 39. Qb2 {[%clk 0:08:47]} d3 {[%clk 0:05:55]} 40. Rc1
{[%clk 0:38:00]} Nc4 {[%clk 0:34:54]} 41. Qc3 {[%clk 0:29:31]} d2
{[%clk 0:34:30]} 42. Rd1 {[%clk 0:29:11]} Qd4 {[%clk 0:34:08]} 43. Qc2
{[%clk 0:27:04]} Nb2 {[%clk 0:33:56]} 44. e5 {[%clk 0:24:16]} Nxd1
{[%clk 0:34:03]} 45. exd6 {[%clk 0:24:06]} Qxf2+ {[%clk 0:34:23]} 0-1

[Event "World Chess Olympiad 2018"]
[Site "Batumi"]
[Date "2018.09.27"]
[Round "4"]
[Board "1"]
[WhiteFideId "5600189"]
[White "Pace Colin"]
[BlackFideId "10800166"]
[Black "Magana Ben"]
[Result "0-1"]
[LiveChessVersion "1.4.8"]
[BlackElo "2074"]
[WhiteElo "2132"]

1. e4 {[%clk 1:30:57]} e5 {[%clk 1:30:10]} 2. Nf3 {[%clk 1:31:20]} Nc6
{[%clk 1:29:12]} 3. Bc4 {[%clk 1:31:44]} Nf6 {[%clk 1:27:44]} 4. d3
{[%clk 1:32:02]} Be7 {[%clk 1:26:28]} 5. O-O {[%clk 1:32:09]} O-O
{[%clk 1:26:46]} 6. Re1 {[%clk 1:32:18]} d6 {[%clk 1:24:42]} 7. c3
{[%clk 1:32:04]} Na5 {[%clk 1:20:41]} 8. Bb5 {[%clk 1:29:47]} c5 {[%clk 1:19:58]}
9. Nbd2 {[%clk 1:21:47]} a6 {[%clk 1:10:50]} 10. Ba4 {[%clk 1:21:47]} Ne8
{[%clk 1:07:41]} 11. d4 {[%clk 1:07:04]} b5 {[%clk 1:06:00]} 12. Bc2
{[%clk 1:06:56]} cxd4 {[%clk 1:00:41]} 13. cxd4 {[%clk 1:05:31]} Nc6
{[%clk 1:00:56]} 14. a4 {[%clk 0:48:58]} Bg4 {[%clk 1:00:04]} 15. h3
{[%clk 0:47:14]} Bh5 {[%clk 0:58:03]} 16. g4 {[%clk 0:46:08]} Bg6
{[%clk 0:58:19]} 17. d5 {[%clk 0:43:55]} Nb4 {[%clk 0:58:31]} 18. axb5
{[%clk 0:42:03]} axb5 {[%clk 0:52:54]} 19. Rxa8 {[%clk 0:42:28]} Qxa8
{[%clk 0:53:19]} 20. Nb3 {[%clk 0:39:51]} Nc7 {[%clk 0:52:59]} 21. Bd2
{[%clk 0:28:12]} Ncxd5 {[%clk 0:49:26]} 22. Bb1 {[%clk 0:27:45]} Qa4
{[%clk 0:49:14]} 23. exd5 {[%clk 0:13:58]} Bxb1 {[%clk 0:48:36]} 24. Qxb1
{[%clk 0:04:33]} Qxb3 {[%clk 0:49:02]} 25. Bxb4 {[%clk 0:02:35]} Qxf3
{[%clk 0:47:08]} 26. Qe4 {[%clk 0:01:34]} Qxh3 {[%clk 0:46:14]} 27. Re3
{[%clk 0:01:53]} f5 {[%clk 0:45:08]} 28. Rxh3 {[%clk 0:00:58]} fxe4
{[%clk 0:45:37]} 29. Bd2 {[%clk 0:00:55]} Rf3 {[%clk 0:45:16]} 30. Kg2
{[%clk 0:00:38]} Rxh3 {[%clk 0:43:03]} 31. Kxh3 {[%clk 0:01:07]} Kf7
{[%clk 0:42:05]} 32. Kg3 {[%clk 0:00:48]} Bd8 {[%clk 0:38:14]} 33. Bb4
{[%clk 0:00:50]} Ke7 {[%clk 0:38:11]} 34. Kg2 {[%clk 0:00:39]} Bb6
{[%clk 0:38:08]} 35. Kf1 {[%clk 0:00:41]} Bc5 {[%clk 0:32:32]} 36. Bd2
{[%clk 0:01:06]} Kf6 {[%clk 0:32:23]} 0-1

[Event "World Chess Olympiad 2018"]
[Site "Batumi"]
[Date "2018.09.27"]
[Round "4"]
[Board "2"]
[WhiteFideId "10800360"]
[White "Singe Philip Mbawala"]
[BlackFideId "5601061"]
[Black "Darmanin Jake"]
[Result "1/2-1/2"]
[LiveChessVersion "1.4.8"]
[BlackElo "2069"]
[WhiteElo "1845"]

1. e4 {[%clk 1:30:24]} e5 {[%clk 1:30:53]} 2. Nf3 {[%clk 1:30:19]} Nc6
{[%clk 1:31:16]} 3. d4 {[%clk 1:30:06]} exd4 {[%clk 1:31:04]} 4. Bc4
{[%clk 1:28:07]} Nf6 {[%clk 1:28:22]} 5. Ng5 {[%clk 1:27:42]} Ne5
{[%clk 1:18:38]} 6. Qxd4 {[%clk 1:25:53]} Nxc4 {[%clk 1:07:33]} 7. Qxc4
{[%clk 1:26:08]} d5 {[%clk 1:04:45]} 8. exd5 {[%clk 1:23:09]} Qxd5
{[%clk 1:04:50]} 9. Qxd5 {[%clk 1:20:11]} Nxd5 {[%clk 1:05:11]} 10. O-O
{[%clk 1:20:01]} Bf5 {[%clk 0:58:15]} 11. c3 {[%clk 1:18:54]} h6 {[%clk 0:55:32]}
12. Re1+ {[%clk 1:19:09]} Ne7 {[%clk 0:55:16]} 13. Nf3 {[%clk 1:19:25]} O-O-O
{[%clk 0:54:26]} 14. Nbd2 {[%clk 1:16:41]} Nc6 {[%clk 0:48:48]} 15. Nb3
{[%clk 1:14:31]} Bd6 {[%clk 0:42:41]} 16. Nfd4 {[%clk 1:14:20]} Nxd4
{[%clk 0:41:35]} 17. Nxd4 {[%clk 1:14:41]} Bd7 {[%clk 0:41:03]} 18. Be3
{[%clk 1:14:48]} Rhe8 {[%clk 0:39:06]} 19. Nb3 {[%clk 1:13:48]} b6
{[%clk 0:35:35]} 20. Nd2 {[%clk 1:09:52]} Be6 {[%clk 0:32:22]} 21. a4
{[%clk 1:09:17]} a5 {[%clk 0:30:45]} 22. Nf3 {[%clk 1:08:56]} Re7
{[%clk 0:28:01]} 23. Nd4 {[%clk 0:56:26]} Bd7 {[%clk 0:28:07]} 24. b3
{[%clk 0:45:01]} Rde8 {[%clk 0:26:26]} 25. Bd2 {[%clk 0:33:53]} c5
{[%clk 0:23:20]} 26. Rxe7 {[%clk 0:29:41]} Rxe7 {[%clk 0:23:29]} 27. Nb5
{[%clk 0:28:10]} Bxb5 {[%clk 0:12:48]} 28. axb5 {[%clk 0:27:38]} c4
{[%clk 0:12:52]} 29. bxc4 {[%clk 0:20:48]} Re4 {[%clk 0:11:50]} 30. Be3
{[%clk 0:19:55]} Kb7 {[%clk 0:06:52]} 31. Bd4 {[%clk 0:16:02]} Be5
{[%clk 0:04:49]} 32. Rd1 {[%clk 0:11:11]} Kc7 {[%clk 0:03:45]} 33. Kf1
{[%clk 0:11:01]} Bxd4 {[%clk 0:03:10]} 34. cxd4 {[%clk 0:11:29]} Kd6
{[%clk 0:02:34]} 35. Rd3 {[%clk 0:11:34]} Re7 {[%clk 0:01:59]} 36. f3
{[%clk 0:11:05]} Rc7 {[%clk 0:02:25]} 37. Rc3 {[%clk 0:09:45]} a4
{[%clk 0:02:36]} 38. Ke2 {[%clk 0:08:34]} a3 {[%clk 0:02:41]} 39. Rxa3
{[%clk 0:08:15]} 1/2-1/2

[Event "World Chess Olympiad 2018"]
[Site "Batumi"]
[Date "2018.09.27"]
[Round "4"]
[Board "3"]
[WhiteFideId "5600359"]
[White "Psaila Clarence"]
[BlackFideId "10802088"]
[Black "Ngani Victor"]
[Result "0-1"]
[LiveChessVersion "1.4.8"]
[BlackElo "2022"]
[WhiteElo "2002"]

1. d4 {[%clk 1:30:55]} d5 {[%clk 1:30:51]} 2. c4 {[%clk 1:31:20]} c6
{[%clk 1:31:18]} 3. Nf3 {[%clk 1:31:39]} Nf6 {[%clk 1:31:40]} 4. Qc2
{[%clk 1:32:03]} g6 {[%clk 1:30:54]} 5. Bf4 {[%clk 1:32:17]} Bg7 {[%clk 1:19:31]}
6. e3 {[%clk 1:32:24]} Bf5 {[%clk 1:18:17]} 7. Qb3 {[%clk 1:32:29]} Qb6
{[%clk 1:17:55]} 8. c5 {[%clk 1:32:45]} Qxb3 {[%clk 1:18:18]} 9. axb3
{[%clk 1:33:11]} Nbd7 {[%clk 1:16:54]} 10. Nc3 {[%clk 1:33:04]} O-O
{[%clk 1:16:27]} 11. h3 {[%clk 1:32:58]} Rfe8 {[%clk 1:11:21]} 12. b4
{[%clk 1:32:45]} a6 {[%clk 1:11:33]} 13. Be2 {[%clk 1:22:20]} Ne4
{[%clk 1:03:24]} 14. Nh4 {[%clk 1:09:49]} Nxc3 15. bxc3 {[%clk 1:08:22]} Be4
{[%clk 0:38:29]} 16. f3 {[%clk 1:04:48]} Bc2 {[%clk 0:38:53]} 17. Kd2
{[%clk 1:04:27]} Bb3 {[%clk 0:37:25]} 18. Ra3 {[%clk 1:03:34]} Bc4
{[%clk 0:37:43]} 19. Bxc4 {[%clk 1:03:44]} dxc4 {[%clk 0:38:10]} 20. g4
{[%clk 1:01:48]} e5 {[%clk 0:37:46]} 21. Bg3 {[%clk 1:00:09]} e4 {[%clk 0:37:50]}
22. f4 {[%clk 0:59:05]} Nf6 {[%clk 0:38:08]} 23. Ng2 {[%clk 0:55:33]} Nd5
{[%clk 0:38:21]} 24. h4 {[%clk 0:50:24]} h5 {[%clk 0:29:00]} 25. gxh5
{[%clk 0:46:49]} gxh5 {[%clk 0:29:27]} 26. f5 {[%clk 0:44:08]} Bh6
{[%clk 0:27:48]} 27. Rf1 {[%clk 0:37:48]} Kh7 {[%clk 0:28:11]} 28. Bf4
{[%clk 0:35:03]} Rg8 {[%clk 0:27:56]} 29. Rf2 {[%clk 0:19:15]} Rg4
{[%clk 0:27:41]} 30. Bxh6 {[%clk 0:09:56]} Kxh6 {[%clk 0:28:08]} 31. Nf4
{[%clk 0:08:46]} Nxf4 {[%clk 0:28:02]} 32. Rxf4 {[%clk 0:03:06]} Rag8
{[%clk 0:28:15]} 33. Ra1 {[%clk 0:01:34]} Rxf4 {[%clk 0:27:59]} 34. exf4
{[%clk 0:02:02]} Rg3 {[%clk 0:28:13]} 35. Re1 {[%clk 0:02:08]} Rd3+
{[%clk 0:28:33]} 36. Kc2 {[%clk 0:01:29]} e3 {[%clk 0:29:02]} 37. Rg1
{[%clk 0:01:21]} Rd2+ {[%clk 0:28:13]} 38. Kc1 {[%clk 0:01:50]} Ra2
{[%clk 0:26:56]} 39. Rg3 {[%clk 0:01:14]} Ra1+ {[%clk 0:27:08]} 40. Kc2
{[%clk 0:31:34]} e2 {[%clk 0:57:31]} 0-1

[Event "World Chess Olympiad 2018"]
[Site "Batumi"]
[Date "2018.09.27"]
[Round "4"]
[Board "4"]
[WhiteFideId "10802185"]
[White "Sang Ricky"]
[BlackFideId "5600405"]
[Black "Said Oliver"]
[Result "0-1"]
[LiveChessVersion "1.4.8"]
[BlackElo "1924"]
[WhiteElo "1959"]

1. e4 {[%clk 1:30:47]} c5 {[%clk 1:30:30]} 2. Nc3 {[%clk 1:31:05]} g6
{[%clk 1:30:37]} 3. f4 {[%clk 1:31:06]} Bg7 {[%clk 1:30:45]} 4. Nf3
{[%clk 1:31:21]} e6 {[%clk 1:29:03]} 5. Bc4 {[%clk 1:29:09]} Ne7 {[%clk 1:28:02]}
6. d4 {[%clk 1:17:23]} cxd4 {[%clk 1:27:58]} 7. Nxd4 {[%clk 1:17:45]} O-O
{[%clk 1:22:11]} 8. Bb3 {[%clk 1:13:56]} d5 {[%clk 1:10:13]} 9. e5
{[%clk 1:08:05]} Nbc6 {[%clk 1:05:15]} 10. Ncb5 {[%clk 1:02:52]} f6
{[%clk 1:04:01]} 11. exf6 {[%clk 0:59:33]} Bxf6 {[%clk 1:04:21]} 12. Be3
{[%clk 0:58:26]} a6 {[%clk 0:38:43]} 13. Nc3 {[%clk 0:54:29]} Nxd4
{[%clk 0:33:40]} 14. Bxd4 {[%clk 0:54:25]} Nf5 {[%clk 0:33:54]} 15. Bf2
{[%clk 0:42:58]} b5 {[%clk 0:20:30]} 16. O-O {[%clk 0:40:54]} Bd7
{[%clk 0:19:13]} 17. Nxd5 {[%clk 0:35:32]} Bxb2 {[%clk 0:19:21]} 18. Rb1
{[%clk 0:35:41]} Bg7 {[%clk 0:19:17]} 19. Nb6 {[%clk 0:35:18]} Bc6
{[%clk 0:16:58]} 20. Bxe6+ {[%clk 0:31:07]} Kh8 {[%clk 0:17:28]} 21. Nxa8
{[%clk 0:31:17]} Qxa8 {[%clk 0:17:38]} 22. Qg4 {[%clk 0:24:53]} Be4
{[%clk 0:14:15]} 23. Bb3 {[%clk 0:21:48]} Qc6 {[%clk 0:08:12]} 24. Rfe1
{[%clk 0:11:56]} a5 {[%clk 0:05:55]} 25. Rxe4 {[%clk 0:03:02]} Qxe4
{[%clk 0:06:15]} 26. Re1 {[%clk 0:03:14]} Qb4 {[%clk 0:04:23]} 27. Bd5
{[%clk 0:02:41]} Nd4 {[%clk 0:04:08]} 28. h3 {[%clk 0:02:25]} Nxc2
{[%clk 0:04:15]} 29. Re6 {[%clk 0:02:35]} Bd4 {[%clk 0:02:55]} 30. Qe2
{[%clk 0:02:08]} Bxf2+ {[%clk 0:02:37]} 31. Qxf2 {[%clk 0:02:14]} Qd4
{[%clk 0:01:55]} 32. Qxd4+ {[%clk 0:01:51]} Nxd4 {[%clk 0:02:23]} 33. Re4
{[%clk 0:02:08]} Rxf4 {[%clk 0:02:21]} 34. Re8+ {[%clk 0:02:01]} Kg7
{[%clk 0:02:34]} 35. Ra8 {[%clk 0:01:30]} Ne2+ {[%clk 0:02:06]} 36. Kh2
{[%clk 0:01:51]} Nc3 {[%clk 0:01:55]} 37. Ra7+ {[%clk 0:01:19]} Kh6
{[%clk 0:01:11]} 38. Bg8 {[%clk 0:01:44]} a4 {[%clk 0:01:23]} 39. Rxh7+
{[%clk 0:02:03]} Kg5 {[%clk 0:01:35]} 40. Kg3 {[%clk 0:32:11]} Ne2+
{[%clk 0:31:17]} 41. Kh2 {[%clk 0:32:36]} Rb4 {[%clk 0:29:46]} 42. Re7
{[%clk 0:30:30]} Rb2 {[%clk 0:27:59]} 43. Re5+ {[%clk 0:27:46]} Kf6
{[%clk 0:26:41]} 44. Rc5 {[%clk 0:26:12]} a3 {[%clk 0:23:40]} 45. h4
{[%clk 0:19:47]} b4 {[%clk 0:23:34]} 46. Rc4 {[%clk 0:16:30]} Ke5
{[%clk 0:16:31]} 47. Bf7 {[%clk 0:08:54]} Nf4 {[%clk 0:14:50]} 48. Kg3
{[%clk 0:07:56]} Nxg2 {[%clk 0:10:09]} 49. Bxg6 {[%clk 0:07:27]} Ne3
{[%clk 0:07:05]} 50. Re4+ {[%clk 0:04:47]} Kf6 {[%clk 0:07:34]} 51. Rxe3
{[%clk 0:04:49]} Kxg6 {[%clk 0:07:51]} 52. Re4 {[%clk 0:03:15]} Kf5
{[%clk 0:05:37]} 53. Rc4 {[%clk 0:02:47]} Ke5 {[%clk 0:01:53]} 54. h5
{[%clk 0:02:39]} Kf5 {[%clk 0:01:16]} 55. Kf3 {[%clk 0:02:20]} Kg5
{[%clk 0:00:38]} 56. Rc5+ {[%clk 0:02:42]} Kh6 {[%clk 0:01:02]} 57. Rb5
{[%clk 0:03:01]} b3 {[%clk 0:00:44]} 58. axb3 {[%clk 0:02:58]} a2
{[%clk 0:01:03]} 59. Ra5 {[%clk 0:03:09]} Rxb3+ {[%clk 0:01:25]} 60. Ke2
{[%clk 0:03:30]} Rh3 {[%clk 0:01:14]} 61. Ra6+ {[%clk 0:02:45]} Kxh5
{[%clk 0:01:19]} 62. Ra5+ {[%clk 0:00:53]} Kg6 {[%clk 0:01:35]} 63. Ra6+
{[%clk 0:00:55]} Kf7 {[%clk 0:01:55]} 64. Ra7+ {[%clk 0:00:46]} Ke6
{[%clk 0:02:17]} 65. Ra6+ {[%clk 0:00:40]} Kd7 {[%clk 0:02:42]} 66. Ra7+
{[%clk 0:00:38]} Kc6 {[%clk 0:03:04]} 67. Kf2 {[%clk 0:00:35]} Rh1
{[%clk 0:03:22]} 0-1

[Event "World Chess Olympiad 2018"]
[Site "Batumi"]
[Date "2018.09.27"]
[Round "4"]
[Board "1"]
[WhiteFideId "32500084"]
[White "Deng Cypriano Rehan"]
[BlackFideId "22000046"]
[Black "Al Mashikhi Salim Aliyan"]
[Result "1-0"]
[LiveChessVersion "1.4.8"]
[BlackElo "2095"]
[WhiteElo "2095"]

1. Nf3 {[%clk 1:30:52]} Nf6 {[%clk 1:30:01]} 2. b3 {[%clk 1:31:08]} g6
{[%clk 1:29:59]} 3. Bb2 {[%clk 1:31:24]} Bg7 {[%clk 1:30:21]} 4. c4
{[%clk 1:31:16]} O-O {[%clk 1:29:22]} 5. g3 {[%clk 1:31:30]} d6 {[%clk 1:28:58]}
6. Bg2 {[%clk 1:31:52]} c5 {[%clk 1:27:45]} 7. O-O {[%clk 1:31:50]} Nc6
{[%clk 1:28:10]} 8. Re1 {[%clk 1:30:15]} Bf5 {[%clk 1:26:40]} 9. d3
{[%clk 1:28:44]} Qc8 {[%clk 1:24:05]} 10. Nbd2 {[%clk 1:26:58]} a6
{[%clk 1:22:43]} 11. Rb1 {[%clk 1:25:33]} Bg4 {[%clk 1:17:45]} 12. a3
{[%clk 1:23:11]} Rb8 {[%clk 1:17:44]} 13. b4 {[%clk 1:22:52]} cxb4
{[%clk 1:17:30]} 14. axb4 {[%clk 1:23:19]} b5 {[%clk 1:17:10]} 15. cxb5
{[%clk 1:13:58]} Rxb5 {[%clk 1:16:49]} 16. Rc1 {[%clk 1:13:53]} Qd7
{[%clk 1:15:44]} 17. Bc3 {[%clk 0:57:01]} Nxb4 {[%clk 1:13:50]} 18. Nd4
{[%clk 0:53:18]} Rbb8 {[%clk 1:12:23]} 19. Ba1 {[%clk 0:50:23]} Nxd3
{[%clk 1:11:15]} 20. Nc6 {[%clk 0:29:49]} Rbc8 {[%clk 1:09:16]} 21. Nc4
{[%clk 0:29:08]} Nxc1 {[%clk 1:08:10]} 22. Nb6 {[%clk 0:29:02]} Nxe2+
{[%clk 1:07:08]} 23. Rxe2 {[%clk 0:28:01]} Bxe2 {[%clk 1:07:26]} 24. Qxe2
{[%clk 0:28:01]} Qc7 {[%clk 1:01:30]} 25. Nxe7+ {[%clk 0:26:07]} Kh8
{[%clk 1:01:23]} 26. Nexc8 {[%clk 0:24:59]} Rxc8 {[%clk 1:01:46]} 27. Nxc8
{[%clk 0:25:19]} Qxc8 {[%clk 1:01:54]} 28. Bf1 {[%clk 0:25:42]} a5
{[%clk 1:01:19]} 29. Qe7 {[%clk 0:25:30]} Ne8 {[%clk 0:57:28]} 30. Qf8#
{[%clk 0:25:50]} 1-0

[Event "World Chess Olympiad 2018"]
[Site "Batumi"]
[Date "2018.09.27"]
[Round "4"]
[Board "2"]
[WhiteFideId "22000100"]
[White "Salim Al Maashani Amer Said"]
[BlackFideId "32500122"]
[Black "Deng Khor Kuol Michael"]
[Result "1-0"]
[LiveChessVersion "1.4.8"]
[BlackElo "2000"]
[WhiteElo "2038"]

1. e4 {[%clk 1:30:57]} e5 {[%clk 1:29:36]} 2. Nc3 {[%clk 1:31:21]} Nf6
{[%clk 1:25:39]} 3. Bc4 {[%clk 1:31:44]} Bc5 {[%clk 1:19:36]} 4. d3
{[%clk 1:31:39]} h6 {[%clk 1:17:50]} 5. Nf3 {[%clk 1:19:09]} Nc6 {[%clk 1:17:23]}
6. a3 {[%clk 1:18:45]} a5 {[%clk 1:17:31]} 7. O-O {[%clk 1:17:58]} O-O
{[%clk 1:17:44]} 8. Be3 {[%clk 1:16:35]} Bxe3 {[%clk 1:16:10]} 9. fxe3
{[%clk 1:17:04]} d6 {[%clk 1:16:15]} 10. Qe1 {[%clk 1:13:52]} Be6
{[%clk 1:13:16]} 11. Nd5 {[%clk 1:08:32]} Nh7 {[%clk 1:10:39]} 12. Qg3
{[%clk 1:03:45]} Ne7 {[%clk 0:59:03]} 13. Nh4 {[%clk 1:01:33]} Nxd5
{[%clk 0:52:07]} 14. Bxd5 {[%clk 0:59:28]} c6 {[%clk 0:44:14]} 15. Bxe6
{[%clk 0:53:27]} fxe6 {[%clk 0:44:25]} 16. Ng6 {[%clk 0:53:26]} Rf6
{[%clk 0:40:54]} 17. h4 {[%clk 0:50:08]} Qd7 {[%clk 0:36:32]} 18. d4
{[%clk 0:47:59]} exd4 {[%clk 0:34:53]} 19. exd4 {[%clk 0:48:17]} Qf7
{[%clk 0:27:34]} 20. h5 {[%clk 0:37:40]} Rd8 {[%clk 0:22:38]} 21. e5
{[%clk 0:31:57]} dxe5 {[%clk 0:18:20]} 22. dxe5 {[%clk 0:32:25]} Rxf1+
{[%clk 0:17:33]} 23. Rxf1 {[%clk 0:32:53]} Qd7 {[%clk 0:16:35]} 24. Qf3
{[%clk 0:29:16]} a4 {[%clk 0:11:27]} 25. Kh2 {[%clk 0:27:59]} Qc7
{[%clk 0:09:34]} 26. Qf4 {[%clk 0:24:12]} b5 {[%clk 0:07:37]} 27. Kh1
{[%clk 0:21:32]} Re8 {[%clk 0:06:58]} 28. Qb4 {[%clk 0:19:55]} Qd8
{[%clk 0:06:22]} 29. Qf4 {[%clk 0:19:01]} Ng5 {[%clk 0:04:44]} 30. b3
{[%clk 0:17:37]} axb3 {[%clk 0:04:56]} 31. cxb3 {[%clk 0:18:06]} Kh7
{[%clk 0:04:48]} 32. Qc1 {[%clk 0:13:38]} Qd3 {[%clk 0:04:16]} 33. Qb1
{[%clk 0:13:05]} Qxb1 {[%clk 0:02:09]} 34. Rxb1 {[%clk 0:13:34]} Ne4
{[%clk 0:02:21]} 35. Kh2 {[%clk 0:13:29]} Rd8 {[%clk 0:02:23]} 36. Rc1
{[%clk 0:07:20]} c5 {[%clk 0:02:45]} 37. a4 {[%clk 0:07:33]} c4 {[%clk 0:01:20]}
38. bxc4 {[%clk 0:07:21]} bxa4 {[%clk 0:01:47]} 39. c5 {[%clk 0:07:11]} a3
{[%clk 0:01:12]} 40. c6 {[%clk 0:36:14]} a2 {[%clk 0:31:36]} 41. c7
{[%clk 0:33:52]} Rc8 {[%clk 0:28:41]} 42. Rd1 {[%clk 0:31:10]} Nf2
{[%clk 0:27:04]} 43. Ra1 {[%clk 0:22:34]} Rxc7 {[%clk 0:23:57]} 44. Rxa2
{[%clk 0:23:02]} Ng4+ {[%clk 0:23:56]} 45. Kh3 {[%clk 0:19:08]} Rc4
{[%clk 0:08:18]} 46. Ra8 {[%clk 0:18:47]} Nf2+ {[%clk 0:08:35]} 47. Kh2
{[%clk 0:17:01]} Ng4+ {[%clk 0:08:28]} 48. Kg3 {[%clk 0:17:18]} Rc3+
{[%clk 0:08:33]} 49. Kxg4 {[%clk 0:17:38]} Rg3+ {[%clk 0:06:38]} 50. Kf4
{[%clk 0:17:51]} Rg4+ {[%clk 0:05:40]} 51. Ke3 {[%clk 0:17:52]} Re4+
{[%clk 0:05:40]} 52. Kf2 {[%clk 0:12:57]} Re2+ {[%clk 0:05:50]} 53. Kf3
{[%clk 0:12:37]} Re3+ {[%clk 0:05:59]} 54. Kg4 {[%clk 0:12:54]} Rg3+
{[%clk 0:06:21]} 55. Kf4 {[%clk 0:13:03]} Rf3+ {[%clk 0:04:03]} 56. Ke4
{[%clk 0:13:20]} Re3+ {[%clk 0:04:29]} 57. Kd4 {[%clk 0:13:34]} Rd3+
{[%clk 0:04:55]} 58. Kc5 {[%clk 0:13:46]} Rd5+ {[%clk 0:05:12]} 59. Kc6
{[%clk 0:13:48]} Rc5+ {[%clk 0:04:09]} 60. Kd7 {[%clk 0:12:59]} Rc7+ 1-0

[Event "World Chess Olympiad 2018"]
[Site "Batumi"]
[Date "2018.09.27"]
[Round "4"]
[Board "1"]
[WhiteFideId "12303143"]
[White "Lama Himal"]
[BlackFideId "3301478"]
[Black "Gemy Jose Daniel"]
[Result "0-1"]
[LiveChessVersion "1.4.8"]
[BlackElo "2400"]
[WhiteElo "2057"]

1. e4 {[%clk 1:30:55]} e5 {[%clk 1:30:56]} 2. c4 {[%clk 1:31:20]} Nf6
{[%clk 1:30:03]} 3. Nc3 {[%clk 1:24:34]} Bc5 {[%clk 1:29:04]} 4. Be2
{[%clk 1:24:53]} Nc6 {[%clk 1:28:42]} 5. d3 {[%clk 1:24:55]} d6 {[%clk 1:28:36]}
6. Nf3 {[%clk 1:22:40]} a6 {[%clk 1:22:00]} 7. O-O {[%clk 1:16:40]} Bg4
{[%clk 1:10:52]} 8. Be3 {[%clk 1:11:50]} Bxf3 {[%clk 1:10:40]} 9. Bxf3
{[%clk 1:12:07]} Nd4 {[%clk 1:11:05]} 10. Kh1 {[%clk 1:07:31]} c6
{[%clk 1:08:37]} 11. g3 {[%clk 1:01:44]} h5 {[%clk 1:04:19]} 12. Bg5
{[%clk 0:55:52]} Ne6 {[%clk 1:02:12]} 13. Qd2 {[%clk 0:53:56]} b5
{[%clk 0:43:58]} 14. Bg2 {[%clk 0:39:04]} h4 {[%clk 0:36:52]} 15. gxh4
{[%clk 0:32:20]} Qb6 {[%clk 0:29:23]} 16. a3 {[%clk 0:13:59]} Nxg5
{[%clk 0:21:59]} 17. Qxg5 {[%clk 0:13:24]} Bxf2 {[%clk 0:22:08]} 18. c5
{[%clk 0:04:42]} Qxc5 {[%clk 0:20:17]} 19. d4 {[%clk 0:05:09]} Qxd4
{[%clk 0:17:15]} 20. Rad1 {[%clk 0:05:02]} Bxh4 {[%clk 0:11:27]} 21. Qxg7
{[%clk 0:04:21]} Rh7 {[%clk 0:11:56]} 22. Rxd4 {[%clk 0:03:37]} exd4
{[%clk 0:12:12]} 23. Qxh7 {[%clk 0:01:36]} Nxh7 {[%clk 0:12:40]} 24. Ne2
{[%clk 0:01:59]} d3 {[%clk 0:12:33]} 25. Nf4 {[%clk 0:01:12]} d2 {[%clk 0:12:58]}
26. Rd1 {[%clk 0:01:04]} Bg5 {[%clk 0:13:13]} 27. Nh3 {[%clk 0:01:25]} Be3
{[%clk 0:13:37]} 28. Bf3 {[%clk 0:01:26]} Ke7 {[%clk 0:13:24]} 29. Kg2
{[%clk 0:01:30]} Nf6 {[%clk 0:13:30]} 30. Nf2 {[%clk 0:00:55]} Rg8+
{[%clk 0:13:22]} 31. Kf1 {[%clk 0:01:18]} Rh8 {[%clk 0:13:47]} 32. h3
{[%clk 0:01:14]} Ke6 {[%clk 0:10:16]} 33. Ke2 {[%clk 0:01:13]} Bxf2
{[%clk 0:10:23]} 34. Kxf2 {[%clk 0:01:38]} Rxh3 {[%clk 0:10:46]} 35. Kg2
{[%clk 0:01:40]} Rh8 {[%clk 0:10:11]} 36. Rxd2 {[%clk 0:01:58]} Ke5
{[%clk 0:10:36]} 37. Re2 {[%clk 0:01:39]} Rh4 {[%clk 0:10:50]} 38. Kg3
{[%clk 0:01:06]} Rf4 {[%clk 0:11:10]} 39. Rc2 {[%clk 0:00:33]} c5
{[%clk 0:11:26]} 40. Rh2 {[%clk 0:30:42]} Nxe4+ {[%clk 0:41:48]} 41. Kg2
{[%clk 0:31:09]} Ng5 {[%clk 0:41:13]} 42. Bb7 {[%clk 0:30:54]} a5
{[%clk 0:41:36]} 43. Kg3 {[%clk 0:31:11]} Rd4 {[%clk 0:41:53]} 44. Rh5
{[%clk 0:30:53]} f6 {[%clk 0:42:14]} 45. Bc6 {[%clk 0:31:09]} Rd3+
{[%clk 0:42:19]} 46. Kg4 {[%clk 0:31:13]} Rd2 {[%clk 0:41:53]} 47. Rh1
{[%clk 0:30:17]} Rd4+ {[%clk 0:40:23]} 48. Kh5 {[%clk 0:30:16]} b4
{[%clk 0:40:35]} 49. Kg6 {[%clk 0:30:28]} d5 {[%clk 0:34:41]} 50. Rf1
{[%clk 0:28:19]} Ne4 {[%clk 0:34:35]} 51. Kf7 {[%clk 0:23:43]} Rd2
{[%clk 0:34:27]} 52. axb4 {[%clk 0:23:56]} axb4 {[%clk 0:34:52]} 53. b3
{[%clk 0:24:19]} Rd3 {[%clk 0:34:38]} 0-1